|
|
|
|
| LEADER |
00000cac a2200000 a 4500 |
| 003 |
Ucuenca |
| 005 |
20230810062722.0 |
| 008 |
007072|2005 sp |||||r|||||||||||spa|| |
| 020 |
|
|
|a 8476587341
|
| 040 |
|
|
|b spa
|
| 041 |
0 |
|
|a spa
|
| 082 |
0 |
|
|a 145
|
| 100 |
1 |
|
|a Schelling, Friedrich Wilhelm Joseph
|9 94013
|
| 245 |
|
|
|a Sistema del idealismo trascendental
|c F.W.J. Schelling
|h imp
|
| 264 |
|
|
|a Barcelona
|b Anthropos
|c 2005
|
| 300 |
|
|
|a 478 páginas:
|c 20 cm
|
| 490 |
|
|
|a Autores, Textos y Temas. Filosofía
|n no. 14
|
| 520 |
3 |
|
|a Esta colección de Autores, textos y temas de Filosoía, se configura así como herramienta intelectual de trabajo académico y como instrumento de apoyo al conocimiento
|
| 650 |
|
|
|a Filosofia trascendental
|9 44599
|
| 650 |
|
|
|a Idealismo trascendental
|9 29781
|
| 650 |
|
4 |
|a Filosofía
|9 8018
|
| 852 |
|
|
|a UC-YANUNCAY
|f Compra
|l 1
|m General
|p 20070723
|q 30,34
|t A2182
|b 0
|d CDRY
|e CDRY
|g 145 SALA 2 ARTES
|z 2007-70-72
|
| 942 |
|
|
|c CR
|z diana.leon@ucuenca.edu.ec
|
| 999 |
|
|
|c 46152
|d 46152
|